| 000 | 00532nam a2200169 i 4500 | ||
|---|---|---|---|
| 001 | 63265 | ||
| 003 | ES-MaACL | ||
| 005 | 20230906164822.0 | ||
| 007 | t| | ||
| 008 | 031205s1976 sp ||||1| spa d | ||
| 100 | 1 |
_aFernández-Shaw, Carlos, _d1924-2012 _950099 |
|
| 245 | 1 | 0 |
_aVentura y tribulaciones de un padre recién estrenado _b: desahogos ingenuos / _cCarlos M. Fernández-Shaw. |
| 260 |
_aMadrid : _bStudium, _c[1976] |
||
| 300 |
_a285 p. ; _c18 cm. |
||
| 852 |
_aES-MaACL _jA-5785 _bR.94846 |
||
| 999 |
_c63265 _d63265 |
||